000 00199nam a2200097Ia 4500
008 240331s9999 xx 000 0 und d
082 _bRAS
100 _aRasnak,B
245 0 _aBaalaapachara
942 _cL
999 _c5133
_d5133